000
00207nam a2200085Ia 4500
008
120527s9999 xx 000 0 und d
100
_a
Lutgens & Tarbuck
245
_a
Foundations of earth science
942
_c
BK
999
_c
27524
_d
27524